000 00918nam a2200313Ia 4500
008 170203s9999 xx 000 0 und d
020 _a0-694013196
050 _aFic
050 _bB347w
100 _aBaum, L. Frank.
245 4 _aThe Wizard of Oz /
245 _cL. Frank Baum.
260 _aNew York :
260 _bHarperCollinsPublishers,
260 _c1999
300 _aviii, 199 pages ;
300 _c19 cm.
440 _aCharming classics.
650 _aGale, Dorothy -- (Fictitious character) --
650 _aOz (Imaginary place) --
650 _aScarecrow -- (Fictitious character from Baum) --
650 _aTin Woodman -- (Fictitious character) --
650 _aWizard, -- of Oz (Fictitious character) --
650 _xJuvenile fiction.
650 _xJuvenile fiction.
650 _xJuvenile fiction.
650 _xJuvenile fiction.
650 _xJuvenile fiction.
999 _c306449
_d306449